LIBRARY & INFORMATION CENTRE, KCAET, TAVANUR

ONLINE PUBLIC ACCESS CATALOGUE (OPAC)

Meat Hygiene and Food Safety (Record no. 15699)

MARC details
000 -LEADER
fixed length control field 00364nam a22001457a 4500
003 - CONTROL NUMBER IDENTIFIER
control field OSt
008 - FIXED-LENGTH DATA ELEMENTS--GENERAL INFORMATION
fixed length control field 190528b ||||| |||| 00| 0 eng d
020 ## - INTERNATIONAL STANDARD BOOK NUMBER
ISBN 978938247127
082 ## - DEWEY DECIMAL CLASSIFICATION NUMBER
Classification number 664.9
Item number RAS/ME
100 ## - MAIN ENTRY--AUTHOR NAME
Personal name Rashid, Mohammad
245 ## - TITLE STATEMENT
Title Meat Hygiene and Food Safety
260 ## - PUBLICATION, DISTRIBUTION, ETC. (IMPRINT)
Place of publication Delhi
Name of publisher Narendra Publishing House
Year of publication 2013
300 ## - PHYSICAL DESCRIPTION
Number of Pages 178 p.
942 ## - ADDED ENTRY ELEMENTS (KOHA)
Koha item type Books
Holdings
Withdrawn status Lost status Damaged status Collection code Home library Current library Shelving location Date acquired Cost, normal purchase price Full call number Accession Number Koha item type
      Non-fiction KAUAET KAUAET General Stacks 28/05/2019 1295.00 664.9 RAS/ME 25810 Books
free website counter